| 000 | 01107nas a2200301 4500 | ||
|---|---|---|---|
| 001 | BR8802838 | ||
| 003 | BR-BrBNA | ||
| 005 | 20231205091138.0 | ||
| 007 | ta | ||
| 008 | 230509b bl.|||p| |||| 00| 00por d | ||
| 040 |
_aBR-BrBNA _bpor _cBiblioteca Nacional de Agricultura |
||
| 041 | _a(Pt) | ||
| 072 | _aL72 | ||
| 100 | 1 | _aFenerich, F.L. | |
| 100 | 1 | _aOliveira, S.M. de | |
| 100 | 1 | _aVianna, W. de O. | |
| 100 | 1 | _aRodrigues, F.M. | |
| 100 | 1 | _aChiba, S. | |
| 245 | 1 | _aCurso natural das infestacoes por helmintos gastrintestinais em bovinos de corte nascidos durante as estacoes seca e chuvosa na regiao de Campinas, Estado de Sao Paulo, Brasil | |
| 246 | 1 | _aNatural development of gastro-intestinal helminth infestations in beef cattle born during the dry and rainy seasons in the region of Campinas, state of Sao Paulo, Brazil | |
| 650 | _aGADO DE CORTE | ||
| 650 | _aHELMINTO | ||
| 650 | _aVARIACAO SAZONAL | ||
| 650 | _aSAO PAULO | ||
| 773 | 0 |
_tBiologico (Brazil) _x _g(Dec 1985), v. 51(12) p. 307-310 _wBR8802838 |
|
| 909 |
_a202311 _bLúcia _c55 _dLúcia Elande |
||
| 942 |
_2AGRIS _n0 _cANA |
||
| 999 |
_c123105 _d123105 |
||